| 000 | 01078cam a2200301 i 4500 | ||
|---|---|---|---|
| 001 | 20982983 | ||
| 003 | OSt | ||
| 005 | 20230822112923.0 | ||
| 008 | 190522s2019 enka b 001 0 eng | ||
| 010 | _a 2019301366 | ||
| 020 | _a9789353501358 | ||
| 040 |
_aDLC _beng _erda _cDLC |
||
| 042 | _apcc | ||
| 050 | 0 | 0 |
_aQA278 _b.M85 2019 |
| 082 |
_a519.535 _bHAI/M |
||
| 100 | 1 |
_aHair, Joseph F., _cJr., _d1944- _eauthor. _99335 |
|
| 245 | 0 | 0 |
_aMultivariate data analysis / _cJoseph F. Hair, Jr., University of South Alabama [and 3 others]. |
| 250 | _aEighth edition. | ||
| 264 | 1 |
_aAndover, Hampshire : _bCengage, _c[2019] |
|
| 300 |
_axvii, 813 pages : _billustrations ; _c26 cm |
||
| 336 |
_atext _btxt _2rdacontent |
||
| 337 |
_aunmediated _bn _2rdamedia |
||
| 338 |
_avolume _bnc _2rdacarrier |
||
| 500 | _aRevision of: Multivariate data analysis / Joseph F. Hair, Jr. ... [et al.]. c2006. 7th ed. | ||
| 504 | _aIncludes bibliographical references and index. | ||
| 650 | 0 | _aMultivariate analysis. | |
| 942 |
_2ddc _cBK _h519.535 _iHAI/M _k519.535 _mHAI/M |
||
| 999 |
_c41939 _d41939 |
||